[Event "NatWest Young Masters 1st"]
[Site "London"]
[Date "1984.09.??"]
[Round "1"]
[White "Arkell, Keith C"]
[Black "Kuijf, Marinus"]
[Result "0-1"]
[WhiteElo "2345"]
[BlackElo "2405"]
[PlyCount "54"]
[EventDate "1984.09.??"]
[EventType "tourn"]
[EventRounds "9"]
[EventCountry "ENG"]
[EventCategory "6"]
[SourceTitle "BritBase"]
[Source "John Saunders"]
[SourceDate "2020.09.07"]
[SourceVersion "1"]
[SourceVersionDate "2020.09.07"]
[SourceQuality "2"]

1. d4 d5 2. c4 c6 3. Nc3 Nf6 4. Nf3 e6 5. cxd5 exd5 6. Bf4 Bf5 7. g3 Qb6 8. Qc1
Bb4 9. a3 Be7 10. Bg2 O-O 11. O-O Nbd7 12. Rd1 Rfe8 13. Ne5 Nf8 14. h3 Ne6 15.
Be3 h5 16. Qd2 Qb3 17. Na2 Ne4 18. Qc1 Bd6 19. g4 hxg4 20. hxg4 Bh7 21. f3 Ng3
22. Kf2 c5 23. Kxg3 cxd4 24. f4 Nxf4 25. Kxf4 Bxe5+ 26. Kg5 Bf6+ 27. Kf4 Rxe3
0-1

[Event "NatWest Young Masters 1st"]
[Site "London"]
[Date "1984.09.??"]
[Round "1"]
[White "Condie, Mark L"]
[Black "Hebden, Mark L"]
[Result "0-1"]
[WhiteElo "2360"]
[BlackElo "2480"]
[PlyCount "64"]
[EventDate "1984.09.??"]
[EventType "tourn"]
[EventRounds "9"]
[EventCountry "ENG"]
[EventCategory "6"]
[SourceTitle "BritBase"]
[Source "John Saunders"]
[SourceDate "2020.09.07"]
[SourceVersion "1"]
[SourceVersionDate "2020.09.07"]
[SourceQuality "2"]

1. d4 Nf6 2. c4 g6 3. Nc3 Bg7 4. Nf3 O-O 5. g3 d6 6. Bg2 Nc6 7. O-O a6 8. d5
Na5 9. Nd2 c5 10. Rb1 Rb8 11. b4 cxb4 12. Rxb4 Qc7 13. Bb2 Bf5 14. Qa1 Bh6 15.
Ncb1 Bxb1 16. Nxb1 Nxc4 17. Bxf6 exf6 18. Qxf6 b5 19. Qh4 Bg7 20. Rb3 Rfe8 21.
Bf3 Qa5 22. a3 Qa4 23. Rb4 Qc2 24. a4 a5 25. Rxb5 Rxb5 26. axb5 a4 27. Qf4 Bb2
28. b6 a3 29. Nxa3 Bxa3 30. b7 Rb8 31. Be4 Qc3 32. Rb1 Nd2 0-1

[Event "NatWest Young Masters 1st"]
[Site "London"]
[Date "1984.09.??"]
[Round "1"]
[White "Flear, Glenn C"]
[Black "Hawksworth, John C"]
[Result "1/2-1/2"]
[WhiteElo "2455"]
[BlackElo "2340"]
[PlyCount "40"]
[EventDate "1984.09.??"]
[EventType "tourn"]
[EventRounds "9"]
[EventCountry "ENG"]
[EventCategory "6"]
[SourceTitle "BritBase"]
[Source "John Saunders"]
[SourceDate "2020.09.07"]
[SourceVersion "1"]
[SourceVersionDate "2020.09.07"]
[SourceQuality "2"]

1. d4 Nf6 2. c4 e6 3. Nc3 Bb4 4. e3 O-O 5. Bd3 d5 6. a3 Bxc3+ 7. bxc3 dxc4 8.
Bxc4 c5 9. Ne2 Nc6 10. O-O e5 11. Bb2 Qe7 12. Ba2 Rd8 13. d5 c4 14. Bxc4 Qc5
15. Ba2 Nxd5 16. Qc2 Be6 17. Ng3 Nc7 18. Ne4 Qe7 19. Bxe6 Nxe6 20. c4 Rac8
1/2-1/2

[Event "NatWest Young Masters 1st"]
[Site "London"]
[Date "1984.09.??"]
[Round "1"]
[White "Prie, Eric"]
[Black "Norwood, David"]
[Result "0-1"]
[WhiteElo "2355"]
[BlackElo "2290"]
[PlyCount "56"]
[EventDate "1984.09.??"]
[EventType "tourn"]
[EventRounds "9"]
[EventCountry "ENG"]
[EventCategory "6"]
[SourceTitle "BritBase"]
[Source "John Saunders"]
[SourceDate "2020.09.07"]
[SourceVersion "1"]
[SourceVersionDate "2020.09.07"]
[SourceQuality "2"]

1. Nf3 d6 2. d4 g6 3. e4 Bg7 4. Be2 Nf6 5. Nc3 O-O 6. O-O a6 7. Re1 Nc6 8. Bg5
h6 9. Bh4 b5 10. e5 Nd7 11. Bd3 Nb6 12. exd6 cxd6 13. d5 Ne5 14. Nd4 b4 15.
Rxe5 dxe5 16. Nc6 Qd7 17. Nxe7+ Kh8 18. Ne4 Nxd5 19. Nc5 Qa7 20. Nxd5 Qxc5 21.
Be4 Ra7 22. a3 f5 23. axb4 Qc4 24. Ne7 Qxe4 25. Nxg6+ Kh7 26. Nxf8+ Bxf8 27.
Qd8 Rg7 28. f3 Qxc2 {Time} 0-1

[Event "NatWest Young Masters 1st"]
[Site "London"]
[Date "1984.09.??"]
[Round "1"]
[White "Williams, A Howard"]
[Black "Bradbury, Neil H"]
[Result "1-0"]
[WhiteElo "2395"]
[BlackElo "2380"]
[PlyCount "83"]
[EventDate "1984.09.??"]
[EventType "tourn"]
[EventRounds "9"]
[EventCountry "ENG"]
[EventCategory "6"]
[SourceTitle "BritBase"]
[Source "John Saunders"]
[SourceDate "2020.09.07"]
[SourceVersion "1"]
[SourceVersionDate "2020.09.07"]
[SourceQuality "2"]

1. d4 Nf6 2. c4 e6 3. Nc3 Bb4 4. a3 Bxc3+ 5. bxc3 O-O 6. f3 d5 7. cxd5 exd5 8.
e3 Bf5 9. Ne2 Re8 10. g4 Nxg4 11. fxg4 Qh4+ 12. Kd2 Be4 13. Rg1 Qxh2 14. Qe1
Nd7 15. Qg3 Qh6 16. Qxc7 Nb6 17. g5 Qh5 18. Qg3 Qg6 19. Ke1 Qc6 20. Bg2 Nc4 21.
Bxe4 Rxe4 22. Rf1 Rae8 23. Rf3 R4e7 24. Bd2 Qg6 25. Nf4 Qc2 26. Rd1 Nb2 27. Rc1
Qe4 28. Ke2 Nc4 29. Nh5 Re6 30. Qf4 Qg6 31. Ng3 Nd6 32. Nf5 Ne4 33. Rg1 b5 34.
Rg4 Nxd2 35. Kxd2 Re4 36. Qc7 R4e6 37. Rgg3 a6 38. Nh6+ Kh8 39. Nxf7+ Kg8 40.
Nh6+ Kh8 41. Nf7+ Kg8 42. Ne5 1-0

[Event "NatWest Young Masters 1st"]
[Site "London"]
[Date "1984.09.??"]
[Round "2"]
[White "Arkell, Keith C"]
[Black "Flear, Glenn C"]
[Result "1/2-1/2"]
[WhiteElo "2345"]
[BlackElo "2455"]
[PlyCount "82"]
[EventDate "1984.09.??"]
[EventType "tourn"]
[EventRounds "9"]
[EventCountry "ENG"]
[EventCategory "6"]
[SourceTitle "BritBase"]
[Source "John Saunders"]
[SourceDate "2020.09.07"]
[SourceVersion "1"]
[SourceVersionDate "2020.09.07"]
[SourceQuality "2"]

1. c4 e6 2. Nf3 d5 3. d4 Nf6 4. g3 Be7 5. Bg2 O-O 6. O-O Nbd7 7. Qc2 b6 8. Ne5
Bb7 9. cxd5 Nxd5 10. Nc6 Nb4 11. Nxe7+ Qxe7 12. Qa4 Bxg2 13. Kxg2 b5 14. Qb3
Qd6 15. Nc3 Qxd4 16. a3 Nd5 17. Qxb5 Nxc3 18. bxc3 Qxc3 19. Be3 c6 20. Qb7 Nb6
21. Rfc1 Qb2 22. Qxc6 Nd5 23. Bc5 Rac8 24. Bd4 Ne3+ 25. Kf3 Qb3 26. Qxc8 Nc2+
27. Qc3 Nxd4+ 28. Kg2 Qd5+ 29. f3 Nxe2 30. Qc5 Nxc1 31. Qxd5 exd5 32. Rxc1 Rd8
33. Rc7 d4 34. Kf2 d3 35. Ke1 h5 36. Kd2 a6 37. Rc6 Rb8 38. Kxd3 Rb3+ 39. Rc3
Rb2 40. Rc2 Rb3+ 41. Rc3 Rb2 1/2-1/2

[Event "NatWest Young Masters 1st"]
[Site "London"]
[Date "1984.09.??"]
[Round "2"]
[White "Hawksworth, John C"]
[Black "Condie, Mark L"]
[Result "1-0"]
[WhiteElo "2340"]
[BlackElo "2360"]
[PlyCount "94"]
[EventDate "1984.09.??"]
[EventType "tourn"]
[EventRounds "9"]
[EventCountry "ENG"]
[EventCategory "6"]
[SourceTitle "BritBase"]
[Source "John Saunders"]
[SourceDate "2020.09.07"]
[SourceVersion "1"]
[SourceVersionDate "2020.09.07"]
[SourceQuality "2"]

1. d4 Nf6 2. c4 e5 3. dxe5 Ng4 4. Bf4 Nc6 5. Nf3 Bb4+ 6. Nc3 Bxc3+ 7. bxc3 Qe7
8. Qd5 f6 9. exf6 Nxf6 10. Qd1 O-O 11. Bxc7 Ne4 12. Bg3 Nxc3 13. Qd6 Qd8 14.
Qd2 Qa5 15. Rc1 Ne4 16. Qxa5 Nxa5 17. e3 b6 18. Be2 Ba6 19. Nd2 Nxd2 20. Kxd2
Rac8 21. c5 Bxe2 22. Kxe2 bxc5 23. Rhd1 Rf7 24. Rd5 Nb7 25. Rcd1 c4 26. Rxd7
Nc5 27. R7d4 Nd3 28. Rd2 Rb7 29. Rc2 Rb2 30. Rxb2 Nxb2 31. Kd2 a5 32. Rd7 Nd3
33. Rc7 Rd8 34. Rxc4 Nxf2+ 35. Ke2 Nd3 36. Bc7 Nb2 37. Bxd8 Nxc4 38. Kd3 Ne5+
39. Ke4 Nc6 40. Bb6 Kf7 41. Kd5 Nb4+ 42. Kc4 Nc2 43. Kb5 Ke6 44. Kxa5 Kd5 45.
Kb5 Ne1 46. g3 Nf3 47. h4 h5 1-0

[Event "NatWest Young Masters 1st"]
[Site "London"]
[Date "1984.09.??"]
[Round "2"]
[White "Hebden, Mark L"]
[Black "Prie, Eric"]
[Result "1-0"]
[WhiteElo "2480"]
[BlackElo "2355"]
[PlyCount "61"]
[EventDate "1984.09.??"]
[EventType "tourn"]
[EventRounds "9"]
[EventCountry "ENG"]
[EventCategory "6"]
[SourceTitle "BritBase"]
[Source "John Saunders"]
[SourceDate "2020.09.07"]
[SourceVersion "1"]
[SourceVersionDate "2020.09.07"]
[SourceQuality "2"]

1. e4 e6 2. Nc3 d5 3. d4 Bb4 4. e5 Ne7 5. Qg4 O-O 6. Bg5 Qd7 7. Bd3 b6 8. Nf3
Ba6 9. Bxa6 Nxa6 10. O-O Bxc3 11. bxc3 c5 12. h4 Kh8 13. Rfe1 Rac8 14. h5 h6
15. Be3 cxd4 16. Bxd4 Nf5 17. Nh4 Nxd4 18. cxd4 Nb4 19. Re3 Nxc2 20. Rg3 Rg8
21. Rd1 Rc4 22. Qf4 a5 23. Rg4 b5 24. Rd3 Kh7 25. Qd2 Qa7 26. Rc3 Nb4 27. Rcg3
Rc2 28. Qf4 Rcc8 29. Nf5 exf5 30. Qxf5+ Kh8 31. Rxg7 1-0

[Event "NatWest Young Masters 1st"]
[Site "London"]
[Date "1984.09.??"]
[Round "2"]
[White "Kuijf, Marinus"]
[Black "Bradbury, Neil H"]
[Result "0-1"]
[WhiteElo "2405"]
[BlackElo "2380"]
[PlyCount "84"]
[EventDate "1984.09.??"]
[EventType "tourn"]
[EventRounds "9"]
[EventCountry "ENG"]
[EventCategory "6"]
[SourceTitle "BritBase"]
[Source "John Saunders"]
[SourceDate "2020.09.07"]
[SourceVersion "1"]
[SourceVersionDate "2020.09.07"]
[SourceQuality "2"]

1. d4 Nf6 2. Nf3 b6 3. Nc3 Bb7 4. Bg5 d5 5. e3 g6 6. Bb5+ c6 7. Bd3 Bg7 8. e4
dxe4 9. Nxe4 O-O 10. O-O Nbd7 11. Re1 Re8 12. c3 Qc7 13. Bh4 Rad8 14. Qb3 Rf8
15. Bg3 Qc8 16. Qa3 Qa8 17. Neg5 c5 18. Rxe7 h6 19. Nh3 g5 20. Ne1 Nd5 21. Re2
cxd4 22. c4 N5f6 23. Bd6 Rfe8 24. Rd1 Rxe2 25. Bxe2 Ne4 26. Bc7 Re8 27. Bf1
Ndc5 28. Nd3 Qc8 29. Bg3 f5 30. f3 Nxg3 31. hxg3 Nxd3 32. Bxd3 Qc7 33. Bxf5
Qxg3 34. Nf2 Re3 35. Qxa7 Bxf3 36. Bh3 Bxd1 37. Qa8+ Bf8 38. Qd5+ Kg7 39. Qxd4+
Qe5 40. Qd7+ Qe7 41. Qd4+ Qe5 42. Qd7+ Kh8 0-1

[Event "NatWest Young Masters 1st"]
[Site "London"]
[Date "1984.09.??"]
[Round "2"]
[White "Norwood, David"]
[Black "Williams, A Howard"]
[Result "0-1"]
[WhiteElo "2290"]
[BlackElo "2395"]
[PlyCount "81"]
[EventDate "1984.09.??"]
[EventType "tourn"]
[EventRounds "9"]
[EventCountry "ENG"]
[EventCategory "6"]
[SourceTitle "BritBase"]
[Source "John Saunders"]
[SourceDate "2020.09.07"]
[SourceVersion "1"]
[SourceVersionDate "2020.09.07"]
[SourceQuality "2"]

1. c4 Nf6 2. Nc3 e6 3. Nf3 Bb4 4. g3 b6 5. Bg2 Bb7 6. O-O O-O 7. a3 Bxc3 8.
bxc3 d6 9. d3 Nbd7 10. e4 Re8 11. Qc2 a5 12. a4 Rb8 13. Bd2 h6 14. Rae1 Nc5 15.
Nd4 Qd7 16. Nb5 e5 17. f4 Rbd8 18. h3 Qe7 19. g4 Ba8 20. Rf3 Nh7 21. Rf2 Ne6
22. f5 Nc5 23. d4 Na6 24. f6 Nxf6 25. g5 Nh7 26. gxh6 g6 27. Qd1 Bb7 28. Qg4
Bc8 29. Qg3 Rf8 30. h4 Kh8 31. Ref1 Be6 32. d5 Bc8 33. Be3 Nc5 34. Nd4 $2 exd4
35. Bxd4+ f6 36. Qxg6 Nd7 $1 37. Qh5 Ne5 38. Qe2 Rg8 39. Qd2 Rdf8 40. Bxe5 Qxe5
41. Qd4 0-1

[Event "NatWest Young Masters 1st"]
[Site "London"]
[Date "1984.09.??"]
[Round "3"]
[White "Bradbury, Neil H"]
[Black "Norwood, David"]
[Result "0-1"]
[WhiteElo "2380"]
[BlackElo "2290"]
[PlyCount "124"]
[EventDate "1984.09.??"]
[EventType "tourn"]
[EventRounds "9"]
[EventCountry "ENG"]
[EventCategory "6"]
[SourceTitle "BritBase"]
[Source "John Saunders"]
[SourceDate "2020.09.07"]
[SourceVersion "1"]
[SourceVersionDate "2020.09.07"]
[SourceQuality "2"]

1. d4 Nf6 2. c4 e6 3. Nf3 c5 4. e3 cxd4 5. exd4 d5 6. Nc3 Nc6 7. c5 Be7 8. Bd3
O-O 9. O-O b6 10. Bb5 Bd7 11. Bxc6 Bxc6 12. b4 Ne4 13. Bb2 bxc5 14. dxc5 Rb8
15. Nd4 Qc7 16. Nxe4 dxe4 17. Bc3 Ba8 18. Qg4 Bf6 19. Rad1 Bd5 20. a3 Be5 21.
Qh3 f5 22. Ne2 a5 23. Rd2 axb4 24. axb4 Bc4 25. f4 Bxc3 26. Qxc3 Bd3 27. Re1
Rfd8 28. g3 Qb7 29. Rb2 Rd5 30. Nd4 Qd7 31. Nc2 Bb5 32. Ne3 Rd3 33. Qe5 Rd8 34.
Nf1 Rf3 35. Nd2 Rd3 36. Nf1 Qc8 37. Rf2 R3d4 38. Ne3 Rxb4 39. Rc2 Rb3 40. Kf2
Bd3 41. Ra2 Ba6 42. Rc1 Rxe3 43. Kxe3 Rd5 44. Qb2 Rd3+ 45. Kf2 e3+ 46. Kg1 Rd2
47. Qb3 Qc6 48. Rxd2 exd2 49. Rd1 Qxc5+ 50. Kg2 Qc6+ 51. Kh3 Qd6 52. Qe3 h6 53.
Qe5 Qd7 54. Qe3 Kh7 55. Kh4 Bf1 56. g4 g5+ 57. fxg5 Qa4 58. Qf3 Bg2 59. Qe2 Qf4
60. Qxg2 Qxg5+ 61. Kh3 Qe3+ 62. Qg3 f4 0-1

[Event "NatWest Young Masters 1st"]
[Site "London"]
[Date "1984.09.??"]
[Round "3"]
[White "Condie, Mark L"]
[Black "Arkell, Keith C"]
[Result "1-0"]
[WhiteElo "2360"]
[BlackElo "2345"]
[PlyCount "65"]
[EventDate "1984.09.??"]
[EventType "tourn"]
[EventRounds "9"]
[EventCountry "ENG"]
[EventCategory "6"]
[SourceTitle "BritBase"]
[Source "John Saunders"]
[SourceDate "2020.09.07"]
[SourceVersion "1"]
[SourceVersionDate "2020.09.07"]
[SourceQuality "2"]

1. d4 c5 2. c3 e6 3. e4 Nf6 4. e5 Nd5 5. Nf3 cxd4 6. Qxd4 Nc6 7. Qe4 d6 8. c4
Nb6 9. Nc3 d5 10. cxd5 exd5 11. Qf4 d4 12. Nb5 Nd5 13. Qe4 Bb4+ 14. Bd2 Bxd2+
15. Nxd2 O-O 16. Nxd4 Nxe5 17. Bb5 Nc6 18. Bxc6 bxc6 19. O-O Re8 20. Qc2 Nf4
21. N2f3 Bb7 22. Qf5 Qc7 23. Rfe1 g6 24. Qf6 Nh5 25. Qg5 c5 26. Rxe8+ Rxe8 27.
Rc1 Qd7 28. Qxc5 Nf4 29. Qg5 Re4 30. Qf6 Nxg2 31. Ne5 Qc7 32. Ndc6 Qb6 33.
Qxf7+ 1-0

[Event "NatWest Young Masters 1st"]
[Site "London"]
[Date "1984.09.??"]
[Round "3"]
[White "Flear, Glenn C"]
[Black "Kuijf, Marinus"]
[Result "1/2-1/2"]
[WhiteElo "2455"]
[BlackElo "2405"]
[PlyCount "21"]
[EventDate "1984.09.??"]
[EventType "tourn"]
[EventRounds "9"]
[EventCountry "ENG"]
[EventCategory "6"]
[SourceTitle "BritBase"]
[Source "John Saunders"]
[SourceDate "2020.09.07"]
[SourceVersion "1"]
[SourceVersionDate "2020.09.07"]
[SourceQuality "2"]

1. d4 Nf6 2. c4 c6 3. Nc3 d5 4. e3 e6 5. Nf3 Nbd7 6. Bd3 Bb4 7. a3 Ba5 8. O-O
O-O 9. Qc2 dxc4 10. Bxc4 Bc7 11. Bd2 1/2-1/2

[Event "NatWest Young Masters 1st"]
[Site "London"]
[Date "1984.09.??"]
[Round "3"]
[White "Prie, Eric"]
[Black "Hawksworth, John C"]
[Result "1-0"]
[WhiteElo "2355"]
[BlackElo "2340"]
[PlyCount "100"]
[EventDate "1984.09.??"]
[EventType "tourn"]
[EventRounds "9"]
[EventCountry "ENG"]
[EventCategory "6"]
[SourceTitle "BritBase"]
[Source "John Saunders"]
[SourceDate "2020.09.07"]
[SourceVersion "1"]
[SourceVersionDate "2020.09.07"]
[SourceQuality "2"]

1. e4 e5 2. Nf3 Nc6 3. Nc3 Nf6 4. d4 exd4 5. Nd5 Be7 6. Bc4 d6 7. Nxd4 O-O 8.
O-O Ne5 9. Bb3 Nxd5 10. Bxd5 c6 11. Bb3 c5 12. Ne2 c4 13. Ba4 a6 14. c3 b5 15.
Bc2 Bb7 16. f4 Nd7 17. Be3 Re8 18. Ng3 Bh4 19. Nf5 Bxe4 20. Bxe4 Rxe4 21. Qg4
Bf6 22. Rad1 Re6 23. Rxd6 Rxd6 24. Nxd6 Qc7 25. Rd1 Nf8 26. Ne4 Qe7 27. Qf5 Rd8
28. Rxd8 Qxd8 29. Nxf6+ Qxf6 30. Qc8 Qe6 31. Qc5 Nd7 32. Qa7 f6 33. h3 h5 34.
Qa8+ Kh7 35. Qf3 Kg6 36. Kh2 f5 37. Bd4 Kh6 38. Qg3 Qg6 39. Qh4 Nf6 40. Bxf6
gxf6 41. Qf2 Qe8 42. Qb6 Kg6 43. Qf2 Qe4 44. Kg3 a5 45. a3 a4 46. Kh4 Kh6 47.
g3 Qe8 48. Qf3 Qg6 49. Qc6 Qg7 50. Qe6 Qg6 1-0

[Event "NatWest Young Masters 1st"]
[Site "London"]
[Date "1984.09.??"]
[Round "3"]
[White "Williams, A Howard"]
[Black "Hebden, Mark L"]
[Result "0-1"]
[WhiteElo "2395"]
[BlackElo "2480"]
[PlyCount "124"]
[EventDate "1984.09.??"]
[EventType "tourn"]
[EventRounds "9"]
[EventCountry "ENG"]
[EventCategory "6"]
[SourceTitle "BritBase"]
[Source "John Saunders"]
[SourceDate "2020.09.07"]
[SourceVersion "1"]
[SourceVersionDate "2020.09.07"]
[SourceQuality "2"]

1. Nf3 Nf6 2. c4 g6 3. Nc3 Bg7 4. d4 O-O 5. e4 d6 6. Be2 e5 7. d5 a5 8. Bg5 h6
9. Bh4 Qe8 10. Nd2 Nh7 11. f3 Na6 12. a3 Bd7 13. b3 h5 14. O-O Bh6 15. Kh1 f5
16. exf5 gxf5 17. f4 Nf6 18. Bxf6 Rxf6 19. Bxh5 Qe7 20. Qe2 Bg7 21. Rae1 e4 22.
g4 Rh6 23. Ncxe4 fxe4 24. g5 Rxh5 25. Qxh5 Bf5 26. g6 Qf6 27. Nxe4 Qxg6 28.
Qxg6 Bxg6 29. f5 Bf7 30. Rg1 Kf8 31. Ng5 Be5 32. Nh7+ Ke8 33. Rg7 Rd8 34. Ng5
Rd7 35. f6 Kf8 36. Nh7+ Ke8 37. Ng5 Kf8 38. Nh7+ Ke8 39. Rf1 Nc5 40. b4 axb4
41. axb4 Nd3 42. b5 Nf4 43. Ng5 Nh5 44. Nxf7 Rxf7 45. Rg8+ Kd7 46. c5 Nxf6 47.
c6+ bxc6 48. dxc6+ Ke6 49. Rg6 d5 50. Rg5 Rh7 51. Re1 Ne4 52. Rg2 Kd6 53. Rc2
Bd4 54. Kg2 Bb6 55. Rd1 Rg7+ 56. Kf3 Ng5+ 57. Kg2 Ne6+ 58. Kh1 Nf4 59. Rf1 Be3
60. Rc3 d4 61. Rxe3 dxe3 62. Rxf4 e2 0-1

[Event "NatWest Young Masters 1st"]
[Site "London"]
[Date "1984.09.??"]
[Round "4"]
[White "Arkell, Keith C"]
[Black "Prie, Eric"]
[Result "1-0"]
[WhiteElo "2345"]
[BlackElo "2355"]
[PlyCount "91"]
[EventDate "1984.09.??"]
[EventType "tourn"]
[EventRounds "9"]
[EventCountry "ENG"]
[EventCategory "6"]
[SourceTitle "BritBase"]
[Source "John Saunders"]
[SourceDate "2020.09.07"]
[SourceVersion "1"]
[SourceVersionDate "2020.09.07"]
[SourceQuality "2"]

1. Nf3 c5 2. e4 e6 3. d4 cxd4 4. Nxd4 a6 5. Be2 Nf6 6. Nc3 Qc7 7. O-O d6 8. f4
Be7 9. Bf3 O-O 10. Qe1 Nbd7 11. Be3 Nb6 12. Rd1 Nc4 13. Bc1 e5 14. Nf5 Bxf5 15.
exf5 Nxb2 16. Bxb2 Qb6+ 17. Kh1 Qxb2 18. Rb1 Qxc2 19. Rxb7 Rae8 20. g4 exf4 21.
g5 Qxf5 22. Rxe7 Qxg5 23. Nd5 Rb8 24. Rg1 Qh6 25. Qa1 Nxd5 26. Bxd5 g6 27. Qf6
Qg7 28. Qxf4 Kh8 29. Rxf7 Rxf7 30. Qxf7 Qxf7 31. Bxf7 Kg7 32. Rf1 Rf8 33. Bc4
Rxf1+ 34. Bxf1 a5 35. Kg2 Kf6 36. Kf3 Ke5 37. Ke3 g5 38. Be2 Kd5 39. Bh5 Kc4
40. Bf7+ d5 41. h3 h6 42. Kf3 Kd4 43. Kg4 Ke4 44. Kh5 d4 45. Kxh6 Kf4 46. Be6
1-0

[Event "NatWest Young Masters 1st"]
[Site "London"]
[Date "1984.09.??"]
[Round "4"]
[White "Flear, Glenn C"]
[Black "Condie, Mark L"]
[Result "1/2-1/2"]
[WhiteElo "2455"]
[BlackElo "2360"]
[PlyCount "99"]
[EventDate "1984.09.??"]
[EventType "tourn"]
[EventRounds "9"]
[EventCountry "ENG"]
[EventCategory "6"]
[SourceTitle "BritBase"]
[Source "John Saunders"]
[SourceDate "2020.09.07"]
[SourceVersion "1"]
[SourceVersionDate "2020.09.07"]
[SourceQuality "2"]

1. d4 d5 2. c4 dxc4 3. Nf3 Nf6 4. e3 e6 5. Bxc4 c5 6. O-O a6 7. a4 Nc6 8. Qe2
Qc7 9. Rd1 Bd6 10. Nc3 O-O 11. h3 h6 12. d5 exd5 13. Nxd5 Nxd5 14. Bxd5 Re8 15.
b3 Be6 16. Bb2 Rad8 17. Bxe6 Rxe6 18. Rd2 Bf8 19. Rad1 Red6 20. Qc4 Rxd2 21.
Rxd2 Rxd2 22. Nxd2 Qd7 23. Bc3 Qd8 24. g4 Na5 25. Bxa5 Qxa5 26. Ne4 b5 27. axb5
axb5 28. Qd5 Qc7 29. Nc3 Qa5 30. Qd3 Qa1+ 31. Kg2 Qa8+ 32. e4 c4 33. bxc4 b4
34. Nb5 Qa2 35. Qd5 Qc2 36. Nd4 Qc3 37. Nf5 Qc2 38. Nd4 Qc3 39. Nf3 b3 40. g5
hxg5 41. Ne5 b2 42. Qxf7+ Kh7 43. Qh5+ Kg8 44. Qf7+ Kh7 45. Nf3 Be7 46. Qh5+
Kg8 47. Qe8+ Kh7 48. Qh5+ Kg8 49. Qe8+ Kh7 50. Qh5+ 1/2-1/2

[Event "NatWest Young Masters 1st"]
[Site "London"]
[Date "1984.09.??"]
[Round "4"]
[White "Hawksworth, John C"]
[Black "Williams, A Howard"]
[Result "1/2-1/2"]
[WhiteElo "2340"]
[BlackElo "2395"]
[PlyCount "30"]
[EventDate "1984.09.??"]
[EventType "tourn"]
[EventRounds "9"]
[EventCountry "ENG"]
[EventCategory "6"]
[SourceTitle "BritBase"]
[Source "John Saunders"]
[SourceDate "2020.09.07"]
[SourceVersion "1"]
[SourceVersionDate "2020.09.07"]
[SourceQuality "2"]

1. d4 Nf6 2. c4 e6 3. Nf3 b6 4. g3 Ba6 5. Nbd2 d5 6. cxd5 exd5 7. Bg2 Bd6 8.
O-O O-O 9. Ne5 Re8 10. Ndf3 Ne4 11. Bf4 Nd7 12. Nxd7 Bxf4 13. Nde5 Bxe5 14.
Nxe5 c5 15. Re1 Qf6 1/2-1/2

[Event "NatWest Young Masters 1st"]
[Site "London"]
[Date "1984.09.??"]
[Round "4"]
[White "Kuijf, Marinus"]
[Black "Norwood, David"]
[Result "1/2-1/2"]
[WhiteElo "2405"]
[BlackElo "2290"]
[PlyCount "93"]
[EventDate "1984.09.??"]
[EventType "tourn"]
[EventRounds "9"]
[EventCountry "ENG"]
[EventCategory "6"]
[SourceTitle "BritBase"]
[Source "John Saunders"]
[SourceDate "2020.09.07"]
[SourceVersion "1"]
[SourceVersionDate "2020.09.07"]
[SourceQuality "2"]

1. e4 g6 2. d4 Bg7 3. Nc3 d6 4. f4 Nc6 5. Be3 Nf6 6. h3 O-O 7. g4 a6 8. Qf3 Rb8
9. O-O-O b5 10. e5 Nxd4 11. Bxd4 Bb7 12. Qf2 Bxh1 13. exf6 exf6 14. Nf3 b4 15.
Ne4 Re8 16. Ng3 Bxf3 17. Qxf3 a5 18. f5 d5 19. Qf4 a4 20. b3 Qe7 21. Bf2 axb3
22. axb3 c5 23. Rxd5 Qa7 24. Rxc5 Bf8 25. Rc4 Qa1+ 26. Kd2 Bd6 27. Qxd6 Rbd8
28. Qxd8 Rxd8+ 29. Bd3 Qe5 30. Ne4 gxf5 31. gxf5 Qxf5 32. Kc1 Qxh3 33. Nxf6+
Kg7 34. Rh4 Qf3 35. Rxh7+ Kxf6 36. Bh4+ Ke6 37. Bxd8 Qe3+ 38. Kd1 Qf3+ 39. Ke1
Qe3+ 40. Kf1 Qf3+ 41. Kg1 Qe3+ 42. Kh1 Qf3+ 43. Kh2 Qf2+ 44. Kh3 Qf3+ 45. Kh4
Qf4+ 46. Kh5 Qf3+ 47. Kh6 1/2-1/2

[Event "NatWest Young Masters 1st"]
[Site "London"]
[Date "1984.09.??"]
[Round "5"]
[White "Bradbury, Neil H"]
[Black "Hawksworth, John C"]
[Result "1/2-1/2"]
[WhiteElo "2380"]
[BlackElo "2340"]
[PlyCount "78"]
[EventDate "1984.09.??"]
[EventType "tourn"]
[EventRounds "9"]
[EventCountry "ENG"]
[EventCategory "6"]
[SourceTitle "BritBase"]
[Source "John Saunders"]
[SourceDate "2020.09.07"]
[SourceVersion "1"]
[SourceVersionDate "2020.09.07"]
[SourceQuality "2"]

1. d4 Nf6 2. c4 e6 3. Nf3 b6 4. g3 Ba6 5. Qc2 Bb4+ 6. Bd2 Bxd2+ 7. Nbxd2 c5 8.
Bg2 Bb7 9. e4 cxd4 10. O-O d6 11. Nxd4 O-O 12. b4 a6 13. Rfe1 Qc7 14. Rac1 Nbd7
15. h3 Rac8 16. Qb1 Qb8 17. Qb3 Rfd8 18. Qe3 Ba8 19. f4 g6 20. N4b3 e5 21. f5
b5 22. fxg6 hxg6 23. a3 bxc4 24. Nxc4 d5 25. exd5 Bxd5 26. Bxd5 Nxd5 27. Qf2
N5f6 28. Nc5 e4 29. Nxe4 Nxe4 30. Rxe4 Ne5 31. Rxe5 Rxc4 32. Rce1 Rc3 33. R5e3
Rxe3 34. Qxe3 Qb5 35. Qe5 Qd3 36. a4 Qb3 37. Qg5 Rd1 38. Rxd1 Qxd1+ 39. Kf2
Qxa4 1/2-1/2

[Event "NatWest Young Masters 1st"]
[Site "London"]
[Date "1984.09.??"]
[Round "5"]
[White "Condie, Mark L"]
[Black "Kuijf, Marinus"]
[Result "1-0"]
[WhiteElo "2360"]
[BlackElo "2405"]
[PlyCount "101"]
[EventDate "1984.09.??"]
[EventType "tourn"]
[EventRounds "9"]
[EventCountry "ENG"]
[EventCategory "6"]
[SourceTitle "BritBase"]
[Source "John Saunders"]
[SourceDate "2020.09.07"]
[SourceVersion "1"]
[SourceVersionDate "2020.09.07"]
[SourceQuality "2"]

1. d4 d5 2. Bf4 Nf6 3. e3 e6 4. Nf3 Bd6 5. Nbd2 O-O 6. Bd3 c5 7. c3 Nc6 8. Ne5
Qc7 9. Ndf3 Ne4 10. Qc2 cxd4 11. Nxc6 bxc6 12. Bxd6 Qxd6 13. exd4 Nf6 14. Qa4
Bd7 15. Qa5 Rfc8 16. b4 Qc7 17. Qa6 Rcb8 18. Ne5 Ne8 19. O-O f6 20. Nxd7 Qxd7
21. Rfe1 Qd6 22. Bc2 Rb5 23. a3 Nc7 24. Qa4 a5 25. Qb3 Rb7 26. Bd3 Rba7 27. a4
axb4 28. cxb4 Nb5 29. Qb2 Rxa4 30. Bxh7+ Kf8 31. Bg6 f5 32. Rxa4 Rxa4 33. Qe2
Ke7 34. Qe3 Kf6 35. Bh5 Ra3 36. Qd2 g5 37. g3 Ra8 38. h4 Rg8 39. Kg2 Rg7 40.
Re5 Rg8 41. hxg5+ Rxg5 42. g4 Qd7 43. f4 Rg8 44. Qe1 Ke7 45. Rxf5 Kd8 46. Rf7
Qd6 47. Qa1 Qb8 48. Qa5+ Nc7 49. Qc5 Qb7 50. Qd6+ Kc8 51. Rxc7+ 1-0